Ryoichi Sasakawa, a milliárdos szélsőjobboldali filantróp

Elmentve itt :
Bibliográfiai részletek
Szerző: BALOGH András
Adatforrás:Meister
Forrásdokumentuma:Művelődés. -
4 sz., 1996, 24 p.
Nyelv:magyar
Kulcsszavak:politikatörténet
alapítványok
japánok
Japán
SASAKAWA Ryoichi
Sasakawa Béke Alapítvány
LEADER 00514nab a2200181 i 4500
001 bibPRO00001202
008 060524s1996 xx hun
040 |a Sz1 
041 |a hun 
100 1 |a BALOGH András 
245 1 0 |a Ryoichi Sasakawa, a milliárdos szélsőjobboldali filantróp  |c BALOGH András 
695 |a politikatörténet 
695 |a alapítványok 
695 |a japánok 
695 |a Japán 
695 |a SASAKAWA Ryoichi 
695 |a Sasakawa Béke Alapítvány 
773 0 |t Művelődés. -  |g 4 sz., 1996, 24 p.